000 00626nam a2200205Ii 4500
003 JO-AjNU
008 230605s9999||||xx |||||||||||||| ||und||
017 _a2007/8/2470
040 _aJO-AjNU
_bara
_erda
_cJO-AjNU
041 _aara
050 1 4 _aPJ7808.S425.A17 2007
100 3 _aتأليف أبو سمرة،محمد,
_eauthor
_920900
245 0 0 _aعوسج وبنفسج
264 3 1 _aعمان:المؤلف،2007
300 _a100ص
336 _atext
_btxt
_2rdacontent
337 _aunmediated
_bn
_2rdamedia
338 _avolume
_bnc
_2rdacarrier
650 4 _aالشعر العربي - العصر الحديث
_920901
999 _aA7171
_c10739
_d10739